Online Catalogue and eLibrary

Gender and Conversational Interaction (Record no. 1573)

MARC details
000 -LEADER
fixed length control field 00471nam a2200181Ia 4500
005 - DATE AND TIME OF LATEST TRANSACTION
control field 20250115020956.0
008 - FIXED-LENGTH DATA ELEMENTS--GENERAL INFORMATION
fixed length control field 240331s9999 xx 000 0 und d
020 ## - INTERNATIONAL STANDARD BOOK NUMBER
ISBN 0195081943
082 ## - DDC Classification
Item Number - Author Mark DEB
DDC Edition Number 2186
Class No. 305.3
245 #0 - TITLE STATEMENT
Title Gender and Conversational Interaction
260 ## - PUBLICATION, DISTRIBUTION, ETC.
Place of publication, distribution, etc. New York
-- Oxford
Name of publisher, distributor, etc. Oxford University Press
Date of publication, distribution, etc. 1993
300 ## - PHYSICAL DESCRIPTION
Extent (e.g. Volumes, Pages etc.) xiv, 327 p.,
650 ## - SUBJECT ADDED ENTRY--TOPICAL TERM
Topical term or geographic name entry element Gender
650 ## - SUBJECT ADDED ENTRY--TOPICAL TERM
Topical term or geographic name entry element Interaction
650 ## - SUBJECT ADDED ENTRY--TOPICAL TERM
Topical term or geographic name entry element Ethnographic
700 ## - ADDED ENTRY--PERSONAL NAME
Personal name Tannen, D
Relator term (Role) Editor
942 ## - Koha item type (Biblio)
Koha item type Books in Stacks (Lending)
Holdings
Lost status Damaged status Collection code Home library Current library Shelving location Date acquired Full call number Accession Number Item type
    Lending WERC Library WERC Library Social Science Cupboard 03/31/2024 305.3 GEN 2186 Books in Stacks (Lending)

© WERC Library